00405nam a2200145Ia 4500008004100000020001500041041000800056082001600064100003900080245006000119250000600179260004300185300000800228650002300236210716s1999 xx 000 0 und d a0321046471 aeng a658.83 LILG aLilien, Gary L;Rangaswamy, Arvind. aMarketing research: marketing engineering applications. a1 aNew YorkbAddison Wesley Longmanc1999 a150 aMarketing Research